| 000 | 00926nam a22002897a 4500 | ||
|---|---|---|---|
| 005 | 20260222211952.0 | ||
| 008 | 260222b |||||||| |||| 00| 0 spa d | ||
| 040 |
_aCO-BoESAP _bspa _cCO-BoESAP |
||
| 100 | 1 |
_aRoa Suárez, Hernando, _d1939- _9119 _eautor |
|
| 245 | 1 | 0 |
_aCiencia y política, grandes temas contemporáneos / _cHernando Roa Suárez. |
| 300 | _apáginas 104-118 | ||
| 504 | _aBibliografía : página 118. | ||
| 526 | _a104436 | ||
| 526 | _a1697 | ||
| 526 | _a19790 | ||
| 526 | _a51868 | ||
| 526 | _a102619 | ||
| 526 | _a5144 | ||
| 650 | 1 | 7 |
_aCiencia y tecnología _96734 _2LEMB _zAmérica Latina |
| 650 | 2 | 7 |
_aContaminación ambiental _92433 _2LEMB |
| 650 | 2 | 7 |
_aFilosofía de la ciencia _9713 _2LEMB |
| 650 | 2 | 7 |
_aHumanismo _91036 _2LEMB |
| 650 | 2 | 7 |
_aTotalitarismo _94059 _2LEMB |
| 650 | 2 | 7 |
_aSolidaridad _982775 _2LEMB _zAmérica Latina |
| 773 | _tTemas políticos contemporáneos | ||
| 942 |
_2cl _cCHAP |
||
| 999 |
_c175242 _d175242 |
||